[Event "LSS SA-2023-0-00816"]
[Site "LSS email"]
[Date "2023.01.24"]
[Round "?"]
[White "Oliger, Mark"]
[Black "Schubert, Steffen"]
[Result "1/2-1/2"]
[WhiteElo "2177"]
[BlackElo "2013"]
[PlyCount "40"]
[EventDate "2022.12.02"]
[EventType "tourn (corr)"]
[EventRounds "6"]
[EventCountry "GER"]
[SourceTitle "Corr 2024"]
[Source "ChessBase"]
[SourceDate "2023.10.19"]
[SourceVersion "1"]
[SourceVersionDate "2023.10.19"]
[SourceQuality "1"]

1. e4 e5 2. Nf3 Nf6 3. Nxe5 d6 4. Nf3 Nxe4 5. d4 d5 6. Bd3 Be7 7. 0-0 Nc6 8. Nbd2 Nxd2 9. Bxd2 Bg4 10. c3 0-0 11. h3 Bh5 12. g3 Qd7 13. Kg2 Bg6 14. Bxg6 fxg6 15. Qc2 Bd6 16. Rae1 a5 17. Qd3 a4 18. Re2 Rae8 19. Rfe1 Rxe2 20. Rxe2 Na5 1/2-1/2

[Event "LSS SA-2023-0-00816"]
[Site "LSS email"]
[Date "2023.01.23"]
[Round "?"]
[White "Valovoj, Viktor"]
[Black "Schubert, Steffen"]
[Result "0-1"]
[WhiteElo "2052"]
[BlackElo "2013"]
[PlyCount "43"]
[EventDate "2022.12.02"]
[EventType "tourn (corr)"]
[EventRounds "6"]
[EventCountry "GER"]
[SourceTitle "Corr 2024"]
[Source "ChessBase"]
[SourceDate "2023.10.19"]
[SourceVersion "1"]
[SourceVersionDate "2023.10.19"]
[SourceQuality "1"]

1. b3 e5 2. Bb2 Nc6 3. e3 d5 4. d3 Bd6 5. g3 Nf6 6. Bg2 Qe7 7. a3 Be6 8. Nd2 h5 9. h3 0-0-0 10. Ne2 d4 11. e4 Nd7 12. b4 f6 13. 0-0 a6 14. Nc4 Nb6 15. Nxd6+ Rxd6 16. f4 g5 17. fxe5 fxe5 18. Bc1 Rg8 19. Kh2 Kb8 20. Bd2 Na4 21. Be1 Rf8 22. Rxf8+ 0-1

[Event "SB-2022-0-00638"]
[Site "LSS email"]
[Date "2022.08.31"]
[Round "?"]
[White "Laduke, Matt"]
[Black "Schubert, Steffen"]
[Result "1/2-1/2"]
[WhiteElo "1940"]
[BlackElo "1974"]
[PlyCount "34"]
[EventDate "2022.05.13"]
[EventType "tourn (corr)"]
[EventRounds "6"]
[EventCountry "GER"]
[SourceTitle "Corr 2024"]
[Source "ChessBase"]
[SourceDate "2023.10.19"]
[SourceVersion "1"]
[SourceVersionDate "2023.10.19"]
[SourceQuality "1"]

1. e4 e5 2. Nf3 Nf6 3. Nxe5 d6 4. Nf3 Nxe4 5. d4 d5 6. Bd3 Be7 7. 0-0 Nc6 8. Nbd2 Nxd2 9. Bxd2 Bg4 10. c3 0-0 11. h3 Bh5 12. g3 Qd7 13. Kg2 Bg6 14. Bxg6 fxg6 15. Qc2 Bd6 16. Rae1 Rae8 17. Rxe8 Qxe8 1/2-1/2

[Event "SB-2022-0-00636"]
[Site "LSS email"]
[Date "2022.07.07"]
[Round "?"]
[White "Knoeppel, Bjoern"]
[Black "Schubert, Steffen"]
[Result "1/2-1/2"]
[WhiteElo "1972"]
[BlackElo "1896"]
[PlyCount "68"]
[EventDate "2022.03.07"]
[EventType "tourn (corr)"]
[EventRounds "6"]
[EventCountry "GER"]
[SourceTitle "Corr 2024"]
[Source "ChessBase"]
[SourceDate "2023.10.19"]
[SourceVersion "1"]
[SourceVersionDate "2023.10.19"]
[SourceQuality "1"]

1. e4 e5 2. d4 exd4 3. Qxd4 Nc6 4. Qe3 Nf6 5. Nc3 Bb4 6. Bd2 0-0 7. 0-0-0 Re8 8. Qf4 Bxc3 9. Bxc3 Rxe4 10. Qg3 d5 11. f3 Re6 12. Ne2 Rd6 13. Nd4 Nxd4 14. Bxd4 Bf5 15. h4 h6 16. Qh2 Rc6 17. c3 Bh7 18. g4 Nd7 19. Rg1 Re6 20. g5 c5 21. Bf2 Qa5 22. gxh6 Rxh6 23. Qf4 Bg6 24. a3 Rh5 25. Bd3 Qb6 26. Rg5 Rxg5 27. Qxg5 Bxd3 28. Rxd3 Re8 29. Qxd5 Re2 30. Rd2 Rxd2 31. Qxd2 Qb5 32. Qe3 Qf1+ 33. Kc2 b6 34. Be1 Nf6 1/2-1/2

[Event "SB-2022-0-00635"]
[Site "LSS email"]
[Date "2022.05.29"]
[Round "?"]
[White "Schubert, Steffen"]
[Black "Wittal, Werner"]
[Result "1-0"]
[WhiteElo "1843"]
[BlackElo "1901"]
[PlyCount "75"]
[EventDate "2022.02.19"]
[EventType "tourn (corr)"]
[EventRounds "6"]
[EventCountry "GER"]
[SourceTitle "Corr 2024"]
[Source "ChessBase"]
[SourceDate "2023.10.19"]
[SourceVersion "1"]
[SourceVersionDate "2023.10.19"]
[SourceQuality "1"]

1. e4 d5 2. exd5 Qxd5 3. Nc3 Qd6 4. Nf3 Nf6 5. d4 a6 6. g3 Bg4 7. h3 Bh5 8. Bf4 Qb4 9. Be2 Qxb2 10. Bd2 Qb6 11. Rb1 Qc6 12. 0-0 Nbd7 13. g4 Bg6 14. Nh4 Qd6 15. Rxb7 Qxd4 16. Rxc7 Qd6 17. Rb7 Nc5 18. Nb5 axb5 19. Bxb5+ Nfd7 20. Qf3 Nxb7 21. Qxb7 Rd8 22. Bb4 Qd4 23. Nxg6 hxg6 24. c3 Qd2 25. Ba4 e6 26. Rd1 Qxd1+ 27. Bxd1 Bxb4 28. Qxb4 Rxh3 29. Ba4 Rd3 30. Bb5 Rd5 31. c4 Rd4 32. Qc5 Rd1+ 33. Kg2 f6 34. Qc7 Rd4 35. c5 Ke7 36. c6 Rxg4+ 37. Kf1 Rg5 38. a4 1-0

[Event "SB-2022-0-00634"]
[Site "LSS email"]
[Date "2022.05.06"]
[Round "?"]
[White "Dworok, Mecislav"]
[Black "Schubert, Steffen"]
[Result "1/2-1/2"]
[WhiteElo "1942"]
[BlackElo "1822"]
[PlyCount "100"]
[EventDate "2022.02.02"]
[EventType "tourn (corr)"]
[EventRounds "6"]
[EventCountry "GER"]
[SourceTitle "Corr 2024"]
[Source "ChessBase"]
[SourceDate "2023.10.19"]
[SourceVersion "1"]
[SourceVersionDate "2023.10.19"]
[SourceQuality "1"]

1. e4 e5 2. Nf3 Nf6 3. Nxe5 d6 4. Nf3 Nxe4 5. d4 d5 6. Bd3 Be7 7. 0-0 Nc6 8. Nbd2 Nxd2 9. Bxd2 Bg4 10. c3 0-0 11. h3 Bh5 12. g3 Qd7 13. Kg2 Bg6 14. Bf4 Be4 15. Re1 f5 16. Kh2 Qd8 17. Bb5 g5 18. Bc1 Rb8 19. b3 g4 20. Nd2 h5 21. hxg4 h4 22. gxf5 Bxf5 23. Nf3 Bd6 24. Bg5 hxg3+ 25. fxg3 Qd7 26. Nh4 Qh7 27. Re3 Rf7 28. Bd3 Bxd3 29. Qxd3 Qh5 30. Re6 Rg7 31. Rg6 Rf8 32. Kg2 Rff7 33. Rh1 Rxg6 34. Qxg6+ Qxg6 35. Nxg6 Rg7 36. Rh6 Kf7 37. Nh8+ Kg8 38. Rh5 b5 39. b4 a5 40. a3 a4 41. Kf3 Nb8 42. Bf4 Nd7 43. Rh6 Nb6 44. Bxd6 cxd6 45. Ng6 Rh7 46. Rxh7 Kxh7 47. Nf4 Nc4 48. Nxd5 Nxa3 49. Nc7 Kg6 50. d5 Kf5 1/2-1/2

[Event "SB-2022-0-00633"]
[Site "LSS email"]
[Date "2022.04.07"]
[Round "?"]
[White "Schubert, Steffen"]
[Black "Do Amaral, Rogerio"]
[Result "1/2-1/2"]
[WhiteElo "1820"]
[BlackElo "1908"]
[PlyCount "47"]
[EventDate "2022.01.15"]
[EventType "tourn (corr)"]
[EventRounds "6"]
[EventCountry "GER"]
[SourceTitle "Corr 2024"]
[Source "ChessBase"]
[SourceDate "2023.10.19"]
[SourceVersion "1"]
[SourceVersionDate "2023.10.19"]
[SourceQuality "1"]

1. e4 c6 2. d4 d5 3. Nc3 dxe4 4. Nxe4 Nd7 5. Nf3 Ngf6 6. Nxf6+ Nxf6 7. c3 Bg4 8. h3 Bxf3 9. Qxf3 Qd5 10. Be2 e6 11. Qg3 0-0-0 12. a4 Qf5 13. 0-0 Bd6 14. Qf3 Qxf3 15. Bxf3 h5 16. Bg5 Rd7 17. Bd2 Nd5 18. Rfb1 Bf4 19. Be1 a5 20. b4 axb4 21. cxb4 Bb8 22. b5 cxb5 23. Rxb5 Ba7 24. a5 1/2-1/2

[Event "SB-2022-0-00632"]
[Site "LSS email"]
[Date "2022.02.27"]
[Round "?"]
[White "Knoeppel, Bjoern"]
[Black "Schubert, Steffen"]
[Result "1/2-1/2"]
[WhiteElo "1943"]
[BlackElo "1827"]
[PlyCount "149"]
[EventDate "2022.01.11"]
[EventType "tourn (corr)"]
[EventRounds "6"]
[EventCountry "GER"]
[SourceTitle "Corr 2024"]
[Source "ChessBase"]
[SourceDate "2023.10.19"]
[SourceVersion "1"]
[SourceVersionDate "2023.10.19"]
[SourceQuality "1"]

1. d4 Nf6 2. c4 e6 3. g3 d5 4. Bg2 dxc4 5. Nf3 Bb4+ 6. Bd2 Be7 7. Qc2 a6 8. Qxc4 b5 9. Qc2 Bb7 10. 0-0 0-0 11. Rc1 Bd6 12. Bg5 Nbd7 13. Nbd2 Rc8 14. Nb3 h6 15. Bxf6 Nxf6 16. Nc5 Bxc5 17. Qxc5 Bd5 18. Ne1 Re8 19. Rc2 c6 20. Nd3 Ne4 21. Qb4 a5 22. Qe1 Nf6 23. Bxd5 Qxd5 24. Qxa5 Qxd4 25. Qc3 Qxc3 26. Rxc3 Rc7 27. Rac1 Rec8 28. Nc5 Nd5 29. Ra3 g5 30. Ra6 Kg7 31. a3 Ne7 32. b3 Kf6 33. Kg2 Ng6 34. a4 bxa4 35. bxa4 Ne5 36. f4 gxf4 37. gxf4 Nd7 38. Ne4+ Ke7 39. Kf3 Nf6 40. Nd2 c5 41. Nc4 Rb8 42. a5 Rb4 43. e3 Nd5 44. Ra8 Ra4 45. Rb8 h5 46. Rbb1 Ra2 47. h3 h4 48. Rb8 Ra4 49. Rb2 Kd8 50. e4 Nb4 51. Kg4 Nc6 52. e5 Nxa5 53. Nd6 Kd7 54. Rb6 Rb4 55. Ra6 Nb3 56. Rd1 Ke7 57. Ra8 Rd4 58. Rb1 Rb4 59. Rh8 Nd4 60. Ra1 Ne2 61. Kg5 Kd7 62. f5 Kc6 63. Kf6 Nf4 64. Ra6+ Rb6 65. Rxb6+ Kxb6 66. Rxh4 Nd5+ 67. Kg5 exf5 68. Kxf5 Ne7+ 69. Kf6 Kc6 70. Nxf7 Nd5+ 71. Kg7 Kd7 72. e6+ Kxe6 73. Re4+ Kf5 74. Re5+ Kf4 75. Rxd5 1/2-1/2

[Event "SB-2022-0-00632"]
[Site "LSS email"]
[Date "2022.02.24"]
[Round "?"]
[White "Cleto Junior, Dirceu"]
[Black "Schubert, Steffen"]
[Result "1/2-1/2"]
[WhiteElo "1961"]
[BlackElo "1827"]
[PlyCount "50"]
[EventDate "2022.01.11"]
[EventType "tourn (corr)"]
[EventRounds "6"]
[EventCountry "GER"]
[SourceTitle "Corr 2024"]
[Source "ChessBase"]
[SourceDate "2023.10.19"]
[SourceVersion "1"]
[SourceVersionDate "2023.10.19"]
[SourceQuality "1"]

1. d4 Nf6 2. c4 e6 3. Nf3 d5 4. Nc3 Be7 5. Bf4 0-0 6. e3 Nbd7 7. c5 c6 8. h3 b6 9. b4 a5 10. a3 Ba6 11. Bxa6 Rxa6 12. 0-0 Qa8 13. Nd2 axb4 14. axb4 Rxa1 15. Qxa1 Qb7 16. Rb1 Ra8 17. Qb2 Nf8 18. Ne2 Ng6 19. Bh2 Nd7 20. Qc2 h6 21. Qc3 Qa6 22. Nc1 bxc5 23. bxc5 e5 24. Nd3 exd4 25. exd4 Nh4 1/2-1/2

[Event "SB-2021-0-00619"]
[Site "LSS email"]
[Date "2021.08.01"]
[Round "?"]
[White "Shapovalov, Sergey"]
[Black "Schubert, Steffen"]
[Result "1/2-1/2"]
[WhiteElo "1809"]
[BlackElo "1870"]
[PlyCount "40"]
[EventDate "2021.06.11"]
[EventType "tourn (corr)"]
[EventRounds "6"]
[EventCountry "GER"]
[SourceTitle "Corr 2024"]
[Source "ChessBase"]
[SourceDate "2023.10.19"]
[SourceVersion "1"]
[SourceVersionDate "2023.10.19"]
[SourceQuality "1"]

1. e4 e5 2. Nf3 Nf6 3. Nxe5 d6 4. Nf3 Nxe4 5. d4 d5 6. Bd3 Be7 7. 0-0 Nc6 8. c4 Nb4 9. Be2 dxc4 10. Bxc4 0-0 11. Nc3 Nd6 12. Bb3 Bf6 13. Ne5 Nc6 14. Bf4 Be6 15. Nxc6 bxc6 16. Bxe6 fxe6 17. Be5 Nf5 18. Qe2 Nxd4 19. Bxd4 Bxd4 20. Qxe6+ Kh8 1/2-1/2

[Event "SB-2021-0-00619"]
[Site "LSS email"]
[Date "2021.07.30"]
[Round "?"]
[White "Schubert, Steffen"]
[Black "Ruano Casanova, Enrique"]
[Result "0-1"]
[WhiteElo "1870"]
[BlackElo "1940"]
[PlyCount "64"]
[EventDate "2021.06.11"]
[EventType "tourn (corr)"]
[EventRounds "6"]
[EventCountry "GER"]
[SourceTitle "Corr 2024"]
[Source "ChessBase"]
[SourceDate "2023.10.19"]
[SourceVersion "1"]
[SourceVersionDate "2023.10.19"]
[SourceQuality "1"]

1. e4 c5 2. Nf3 d6 3. d4 cxd4 4. Nxd4 Nf6 5. Nc3 a6 6. Be2 e5 7. Nb3 Be7 8. 0-0 0-0 9. Be3 Be6 10. Qd3 Nc6 11. Rad1 Rc8 12. Qd2 Nb8 13. f4 b5 14. g4 Nxg4 15. f5 Nxe3 16. Qxe3 Bd7 17. Bg4 Bg5 18. Qg3 b4 19. Nd5 Kh8 20. c3 bxc3 21. Nxc3 Rc6 22. Kh1 Bc8 23. Rg1 Bf4 24. Qf2 Nd7 25. Nd5 Bg5 26. Bf3 Bh6 27. Qe2 Nf6 28. Nxf6 Qxf6 29. Na5 Rc7 30. Nc4 Rd8 31. b3 Bf4 32. Qg2 d5 0-1

[Event "SB-2021-0-00618"]
[Site "LSS email"]
[Date "2021.07.22"]
[Round "?"]
[White "Ruano Casanova, Enrique"]
[Black "Schubert, Steffen"]
[Result "1/2-1/2"]
[WhiteElo "1940"]
[BlackElo "1859"]
[PlyCount "22"]
[EventDate "2021.05.23"]
[EventType "tourn (corr)"]
[EventRounds "6"]
[EventCountry "GER"]
[SourceTitle "Corr 2024"]
[Source "ChessBase"]
[SourceDate "2023.10.19"]
[SourceVersion "1"]
[SourceVersionDate "2023.10.19"]
[SourceQuality "1"]

1. e4 e5 2. Nf3 Nf6 3. d4 Nxe4 4. Bd3 d5 5. Nxe5 Nd7 6. Nxf7 Kxf7 7. Qh5+ Ke6 8. Qg4+ Kf7 9. Qh5+ Ke7 10. Qe2 Kf6 11. Qf3+ Ke6 1/2-1/2

[Event "SB-2021-0-00610"]
[Site "LSS email"]
[Date "2021.02.22"]
[Round "?"]
[White "Laudati, Lelio"]
[Black "Schubert, Steffen"]
[Result "1/2-1/2"]
[WhiteElo "1912"]
[BlackElo "1947"]
[PlyCount "40"]
[EventDate "2021.01.13"]
[EventType "tourn (corr)"]
[EventRounds "6"]
[EventCountry "GER"]
[SourceTitle "Corr 2024"]
[Source "ChessBase"]
[SourceDate "2023.10.19"]
[SourceVersion "1"]
[SourceVersionDate "2023.10.19"]
[SourceQuality "1"]

1. d4 Nf6 2. Nf3 d5 3. c4 e6 4. Nc3 Nbd7 5. Bf4 dxc4 6. e3 Nd5 7. Bxc4 Nxf4 8. exf4 Nb6 9. Bb3 g6 10. 0-0 Bg7 11. Re1 0-0 12. Ne5 c6 13. Ne4 a5 14. a3 Nd5 15. g3 Qb6 16. Re2 Rd8 17. Rd2 Bd7 18. Qc2 Be8 19. Rad1 Qa7 20. h4 h5 1/2-1/2

[Event "SB-2021-0-00610"]
[Site "LSS email"]
[Date "2021.02.21"]
[Round "?"]
[White "Debonis, Patrick"]
[Black "Schubert, Steffen"]
[Result "1-0"]
[WhiteElo "1954"]
[BlackElo "1947"]
[PlyCount "127"]
[EventDate "2021.01.13"]
[EventType "tourn (corr)"]
[EventRounds "6"]
[EventCountry "GER"]
[SourceTitle "Corr 2024"]
[Source "ChessBase"]
[SourceDate "2023.10.19"]
[SourceVersion "1"]
[SourceVersionDate "2023.10.19"]
[SourceQuality "1"]

1. Nf3 Nf6 2. c4 c5 3. Nc3 Nc6 4. g3 d5 5. d4 e6 6. cxd5 exd5 7. Bg2 cxd4 8. Nxd4 Bc5 9. Nb3 Bb6 10. Nxd5 Be6 11. Nc3 Qe7 12. 0-0 Rd8 13. Bd2 0-0 14. Qc1 Bxb3 15. Bxc6 bxc6 16. axb3 h6 17. Ra4 Qe6 18. Qc2 Qh3 19. Rh4 Qe6 20. Kg2 Rfe8 21. Rc4 Rd5 22. Rd1 Rc5 23. Rxc5 Bxc5 24. Bc1 g5 25. h3 Kg7 26. Rh1 Bb6 27. h4 g4 28. Bd2 Nd5 29. Re1 Nb4 30. Qc1 h5 31. Rd1 Nd5 32. Kg1 Qf5 33. Rf1 Kh7 34. Qd1 Kg8 35. Na4 Qe4 36. e3 Rd8 37. Qc1 Rd6 38. Nc5 Qf3 39. Nd3 Nf6 40. Ne1 Qd5 41. Bc3 Ne4 42. Ng2 Qxb3 43. Nf4 Qb5 44. Qc2 Qf5 45. Rc1 a5 46. Be1 Bc7 47. Qa4 Nc5 48. Qc4 Ne6 49. Nxe6 Qxe6 50. Qxe6 fxe6 51. b4 a4 52. Kf1 Bd8 53. Ra1 c5 54. bxc5 Ra6 55. Bb4 Bf6 56. Ra2 Kf7 57. Ba3 Ke8 58. Rd2 Be5 59. Kg2 Ra8 60. c6 Rd8 61. Rc2 Rd3 62. Bb4 Rb3 63. Ba5 Rb1 64. c7 1-0

[Event "SB-2021-0-00609"]
[Site "LSS email"]
[Date "2021.02.16"]
[Round "?"]
[White "Wittal, Werner"]
[Black "Schubert, Steffen"]
[Result "1-0"]
[WhiteElo "1933"]
[BlackElo "1947"]
[PlyCount "117"]
[EventDate "2021.01.10"]
[EventType "tourn (corr)"]
[EventRounds "6"]
[EventCountry "GER"]
[SourceTitle "Corr 2024"]
[Source "ChessBase"]
[SourceDate "2023.10.19"]
[SourceVersion "1"]
[SourceVersionDate "2023.10.19"]
[SourceQuality "1"]

1. d4 Nf6 2. c4 e6 3. Nc3 Bb4 4. e3 0-0 5. Bd3 d5 6. Nf3 c5 7. 0-0 dxc4 8. Bxc4 cxd4 9. exd4 h6 10. Bf4 Nc6 11. a3 Ba5 12. Qd3 Bc7 13. Bxc7 Qxc7 14. Ne4 Nd5 15. Rac1 Rd8 16. b4 Qf4 17. Rfe1 Nce7 18. Ne5 f6 19. g3 Qf5 20. Nf3 Ng6 21. h3 Qh5 22. Nc3 b6 23. Bb3 Nf8 24. Nxd5 exd5 25. Nh4 Bxh3 26. Bd1 Bg4 27. Bxg4 Qxg4 28. Re7 Rd7 29. Rce1 Rxe7 30. Rxe7 Rc8 31. Qf5 Rc1+ 32. Kg2 Qd1 33. Qxd5+ Kh7 34. Qe4+ Kh8 35. Kh3 Qf1+ 36. Qg2 a5 37. Nf5 g6 38. Ne3 Qxg2+ 39. Kxg2 Ra1 40. bxa5 bxa5 41. d5 Rxa3 42. Ng4 a4 43. Ra7 Rb3 44. Nxf6 a3 45. Kf1 g5 46. d6 Rd3 47. Ne4 Rd4 48. f3 g4 49. Ke2 Ne6 50. Nf6 Nf8 51. Nxg4 Rxd6 52. Rxa3 h5 53. Ne3 Nd7 54. Ra8+ Kh7 55. Rd8 Kg6 56. Ng2 Kg5 57. Rg8+ Rg6 58. Ra8 Rf6 59. Nf4 1-0

[Event "LSS No Engine Cup 200 Preliminary 0"]
[Site "LSS email"]
[Date "2020.02.23"]
[Round "?"]
[White "Nemchenko, Valery"]
[Black "Schubert, Steffen"]
[Result "0-1"]
[WhiteElo "1600"]
[BlackElo "2097"]
[PlyCount "88"]
[EventDate "2020.02.23"]
[EventType "tourn (corr)"]
[EventRounds "6"]
[EventCountry "GER"]
[SourceTitle "Corr 2022"]
[Source "ChessBase"]
[SourceDate "2021.10.24"]
[SourceVersion "1"]
[SourceVersionDate "2021.10.24"]
[SourceQuality "1"]

1. c4 e5 2. Nc3 Nf6 3. Nf3 Nc6 4. g3 d5 5. cxd5 Nxd5 6. Bg2 Nf6 7. d3 Be7 8. 0-0 0-0 9. a3 a5 10. e3 Bg4 11. h3 Be6 12. Ng5 Bf5 13. e4 Bg6 14. Nf3 Qd7 15. Nh4 Nd4 16. Ne2 Ne6 17. Be3 Rfd8 18. Nc3 c6 19. Bb6 Rdc8 20. Na4 c5 21. Nf5 Bh5 22. Qc2 Bf8 23. Rfc1 Qb5 24. Qc4 Qe8 25. Ne3 Rc6 26. Nd5 Ra6 27. Re1 Nd7 28. Qc3 f6 29. Qb3 Bf7 30. Qc3 Qa8 31. Rac1 Nxb6 32. Naxb6 Rcxb6 33. Nxb6 Rxb6 34. h4 Nd4 35. Re3 Rb3 36. Qd2 Qa6 37. Rb1 Qb5 38. f4 Nc2 39. Kf2 Nxe3 40. Kxe3 exf4+ 41. Kf2 c4 42. Qxf4 Rxb2+ 43. Rxb2 Qxb2+ 44. Kg1 c3 0-1

[Event "LSS No Engine Cup 200 Preliminary 0"]
[Site "LSS email"]
[Date "2020.02.23"]
[Round "?"]
[White "Schubert, Steffen"]
[Black "Lauer, Frederic"]
[Result "1-0"]
[WhiteElo "2097"]
[BlackElo "1419"]
[PlyCount "25"]
[EventDate "2020.02.23"]
[EventType "tourn (corr)"]
[EventRounds "6"]
[EventCountry "GER"]
[SourceTitle "Corr 2022"]
[Source "ChessBase"]
[SourceDate "2021.10.24"]
[SourceVersion "1"]
[SourceVersionDate "2021.10.24"]
[SourceQuality "1"]

1. e4 c5 2. Nf3 Nf6 3. e5 Nd5 4. c4 Nb6 5. Nc3 d5 6. exd6 Bg4 7. d4 Qxd6 8. Nb5 Qc6 9. Be2 a6 10. Ne5 Qxg2 11. Nc7+ Kd8 12. Nxf7+ Kxc7 13. Bf4+ 1-0

[Event "LSS No Engine Cup 200 Preliminary 0"]
[Site "LSS email"]
[Date "2020.02.23"]
[Round "?"]
[White "Vasseur, Olivier"]
[Black "Schubert, Steffen"]
[Result "1-0"]
[WhiteElo "1768"]
[BlackElo "2097"]
[PlyCount "107"]
[EventDate "2020.02.23"]
[EventType "tourn (corr)"]
[EventRounds "6"]
[EventCountry "GER"]
[SourceTitle "Corr 2022"]
[Source "ChessBase"]
[SourceDate "2021.10.24"]
[SourceVersion "1"]
[SourceVersionDate "2021.10.24"]
[SourceQuality "1"]

1. d4 Nf6 2. c4 e6 3. Nc3 Bb4 4. Qc2 0-0 5. a3 Bxc3+ 6. Qxc3 b6 7. Bg5 Bb7 8. f3 h6 9. Bh4 d5 10. e3 Re8 11. Nh3 Nbd7 12. cxd5 exd5 13. Be2 c5 14. 0-0 c4 15. Bd1 b5 16. Nf2 a5 17. Bc2 Qb6 18. Qd2 b4 19. Bf5 g6 20. Bh3 b3 21. Nd1 Nf8 22. g4 g5 23. Bf2 Ng6 24. Nc3 h5 25. gxh5 Nxh5 26. Rae1 Kg7 27. Re2 Re7 28. Bg4 Nf6 29. Bf5 Nh5 30. Kh1 Rh8 31. Be1 Qf6 32. Bg4 Kf8 33. Rg2 Qa6 34. Rgg1 Nf6 35. Bf5 Rh5 36. f4 g4 37. Bxg4 Nxg4 38. Rxg4 Qe6 39. Qg2 Bc8 40. Rg3 Re8 41. Qe2 Qf5 42. Nb5 Ke7 43. Bxa5 Reh8 44. Bb4+ Kd8 45. Rf2 Qe4+ 46. Kg1 Rh3 47. Ba5+ Ke7 48. Rfg2 Rxg3 49. hxg3 Qb1+ 50. Qe1 Qxe1+ 51. Bxe1 f5 52. Bb4+ Kd7 53. Rh2 Kc6 54. Rxh8 1-0